Nửa tháng trong Miền Thất Sơn

Ghi lại cuộc du khảo của tác giả trong một miền đất đầy chuyện lạ, tích hay, các sinh hoạt kì bí của vùng bảy núi An Giang

Na minha lista:
Detalhes bibliográficos
Autor principal: Nguyễn, Văn Hầu
Formato: Livro
Idioma:Undetermined
Publicado em: Thành phố Hồ Chí Minh Trẻ 2006
Assuntos:
Tags: Adicionar Tag
Sem tags, seja o primeiro a adicionar uma tag!
Thư viện lưu trữ: Trung tâm Học liệu Trường Đại học Cần Thơ
LEADER 00774nam a2200217Ia 4500
001 CTU_118681
008 210402s9999 xx 000 0 und d
020 |c 36000 
082 |a 915.9792 
082 |b H125 
100 |a Nguyễn, Văn Hầu 
245 0 |a Nửa tháng trong Miền Thất Sơn 
245 0 |c Nguyễn Văn Hầu 
260 |a Thành phố Hồ Chí Minh 
260 |b Trẻ 
260 |c 2006 
520 |a Ghi lại cuộc du khảo của tác giả trong một miền đất đầy chuyện lạ, tích hay, các sinh hoạt kì bí của vùng bảy núi An Giang 
650 |a Vietnam 
650 |x Description and travel 
904 |i Hiếu 
980 |a Trung tâm Học liệu Trường Đại học Cần Thơ